-Ity Vocabulary Words - Statistics

General Stats
  • This quiz has been taken 369 times
  • The average score is 8 of 20
Answer Stats
Definition Word % Correct
God, for example Deity
88%
What Earthings experience, that space station personnel do not Gravity
88%
If you have one, call a dentist Cavity
84%
Mexico's and Kuwait's capitals, for example City
78%
Skill or proficiency at something Ability
55%
Having frequent casual sex Promiscuity
46%
Church members who are not clergy Laity
44%
______ is the soul of wit Brevity
40%
Ability to be easily read Legibility
37%
A whole or totality, combining all parts into one Unity
37%
Lack of intelligence, judgement or good sense Stupidity
34%
Easily cheated or tricked Gullibility
32%
Whether or not you qualify for something Eligibility
30%
Sorrow at anothers misfortune Pity
26%
Friendship and harmony Amity
24%
Good fortune, when things come together unexpectedly well Serendipity
23%
Feature of modern life, measured by A, V and W Electricity
17%
State of ridiculousness Absurdity
12%
Good position or chance of success, often associated with windows Opportunity
11%
Aliveness, spiritedness Vitality
9%
No matching quizzes found
Score Distribution
Percent of People with Each Score
Percentile by Number Answered
Your Score History
You have not taken this quiz